| 000 | 00385 a2200109 4500 | ||
|---|---|---|---|
| 001 | ART_3559 | ||
| 005 | 20260410161716.0 | ||
| 008 | 260409a | ||
| 245 | 1 | 0 | _aLos flujos de capital hacia América Latina y la reestructuración de las economías centrales |
| 100 | 1 | _aBekerman, Marta | |
| 773 | 0 |
_tDesarrollo económico _g- Vol. 28, Nº 111 (oct./dic. 1988) _wREV1174 |
|
| 999 |
_c16506 _d16506 |
||